000 00198 a2200097 4500
020 _a9788434828094
041 _aspa
100 _aGusti Ricardo Alcantara
245 _aEl pirata valiente
942 _cK
999 _c28819
_d28819